| 000 | 00576nam a22001817a 4500 | ||
|---|---|---|---|
| 005 | 20260409133958.0 | ||
| 008 | 260409b |||||||| |||| 00| 0 eng d | ||
| 037 | _cDSWL | ||
| 040 |
_aDSWL _cDSWL |
||
| 041 | _heng | ||
| 245 | _aNature, Environment and Society: Conservation, Governance and Transformation in India | ||
| 260 |
_aHyderabad, _bOrient Blackswan Publication, _c2012 |
||
| 300 | _a234p | ||
| 365 |
_aINR _b655 |
||
| 700 |
_aT. B. Subba Ed. _91234507 |
||
| 942 |
_2CC _cTEXL _n0 |
||
| 999 |
_c1848172 _d1848172 |
||